[Event "Canterbury op"]
[Site "Canterbury"]
[Date "2003.??.??"]
[Round "1.8"]
[White "Reedy, Brendan"]
[Black "Rademacher, Martin"]
[Result "1-0"]
[WhiteElo "2099"]
[BlackElo "1588"]
[PlyCount "103"]
[EventDate "2003.10.25"]
[EventType "swiss"]
[EventRounds "6"]
[EventCountry "NZL"]
[SourceTitle "CBM 097 Extra"]
[Source "ChessBase"]
[SourceDate "2004.01.13"]
[SourceVersion "1"]
[SourceVersionDate "2004.01.13"]
[SourceQuality "1"]

1. e4 e5 2. Nf3 Bc5 3. Nxe5 Qe7 4. d4 d6 5. dxc5 dxe5 6. Be3 Nf6 7. f3 a5 8. Nc3 0-0 9. Bb5 Be6 10. Qe2 Nfd7 11. Na4 f6 12. 0-0 Bf7 13. Rfd1 Rd8 14. b3 Nf8 15. Rxd8 Qxd8 16. Rd1 Qe7 17. c3 Kh8 18. Qd2 Ne6 19. g3 Be8 20. Bxe8 Qxe8 21. Qd5 Nc6 22. Qd7 Kg8 23. Kf2 Kf8 24. Rd5 Rd8 25. Qxe8+ Kxe8 26. Ke2 Ne7 27. Rd3 Nc6 28. Rd5 Ne7 29. Rxd8+ Kxd8 30. Kd3 Kd7 31. Kc4 Nc6 32. Nb2 Na7 33. f4 exf4 34. gxf4 g6 35. b4 axb4 36. cxb4 c6 37. a4 Nc8 38. b5 cxb5+ 39. axb5 Ne7 40. Na4 Nc7 41. Nb6+ Ke6 42. h4 h5 43. Bd2 g5 44. fxg5 fxg5 45. Bxg5 Ng6 46. Bd8 Ne8 47. Kd4 Ne5 48. Nc4 Nf7 49. Ba5 Ng7 50. c6 bxc6 51. bxc6 Ne8 52. e5 1-0

[Event "Canterbury op"]
[Site "Canterbury"]
[Date "2003.??.??"]
[Round "3.9"]
[White "Stevenson, Michael"]
[Black "Rademacher, Martin"]
[Result "1-0"]
[WhiteElo "1340"]
[BlackElo "1588"]
[PlyCount "83"]
[EventDate "2003.10.25"]
[EventType "swiss"]
[EventRounds "6"]
[EventCountry "NZL"]
[SourceTitle "CBM 097 Extra"]
[Source "ChessBase"]
[SourceDate "2004.01.13"]
[SourceVersion "1"]
[SourceVersionDate "2004.01.13"]
[SourceQuality "1"]

1. Nf3 Nf6 2. g3 e6 3. c4 b6 4. Bg2 Bb7 5. 0-0 Be7 6. Nc3 0-0 7. d3 d5 8. cxd5 Nxd5 9. e4 Nb4 10. Ne1 Nd7 11. a3 Na6 12. Nf3 Bf6 13. Bd2 c5 14. Rb1 Qc7 15. Bf4 e5 16. Bd2 Qd6 17. Bg5 Rad8 18. Re1 Nab8 19. Nb5 Qe7 20. Bxf6 Nxf6 21. Qb3 Ba6 22. Bf1 Rfe8 23. a4 Nc6 24. Na3 Qd7 25. Nc4 Qc7 26. Qc3 Nd7 27. Rbd1 Nd4 28. Nxd4 cxd4 29. Qc1 Rc8 30. b3 Nc5 31. Qc2 Qd7 32. Rb1 Bb7 33. Qe2 Qc6 34. Qh5 Qe6 35. Qg5 h6 36. Qh5 Rc6 37. Kg2 Bc8 38. Red1 Kh7 39. Kg1 g6 40. Qf3 Qe7 41. Rd2 Qg5 42. Qxf7+ 1-0